000 00463nam a2200157Ia 4500
003 OSt
005 20230527094443.0
008 211028s2009 xx 000 0 und d
040 _cAIMIT LIBRARY
041 _aeng
100 _aBhovi, Sudan D; Vijay, Deborah.
_g71826
_99096
110 _aDeborah Vijay
_99097
245 _aGenome annotation protein modeling and molecular docking of Mycobacterium Tuberculosis.
260 _aMangalore
_c2009
942 _2ddc
_cPRO
999 _c220211
_d220211